[Event "Queensland-ch"]
[Site "Brisbane"]
[Date "2013.10.07"]
[Round "8"]
[White "Hughes, Harry"]
[Black "Louie, Jared"]
[Result "1/2-1/2"]
[WhiteElo "1568"]
[BlackElo "1766"]
[PlyCount "20"]
[EventDate "2013.10.03"]
[EventType "swiss"]
[EventRounds "9"]
[EventCountry "AUS"]
[SourceTitle "CBM 157 Extra"]
[Source "ChessBase"]
[SourceDate "2013.12.19"]
[SourceVersion "1"]
[SourceVersionDate "2013.12.19"]
[SourceQuality "1"]

1. e4 c5 2. g3 d6 3. Bg2 Nc6 4. Ne2 Nf6 5. 0-0 g6 6. d3 Bg7 7. Nbc3 e6 8. Re1 0-0 9. Be3 Ng4 10. Bc1 a6 1/2-1/2

[Event "Queensland-ch"]
[Site "Brisbane"]
[Date "2013.10.04"]
[Round "2"]
[White "Cashman, Michael"]
[Black "Hughes, Harry"]
[Result "1/2-1/2"]
[WhiteElo "2080"]
[BlackElo "1568"]
[PlyCount "118"]
[EventDate "2013.10.03"]
[EventType "swiss"]
[EventRounds "9"]
[EventCountry "AUS"]
[SourceTitle "CBM 157 Extra"]
[Source "ChessBase"]
[SourceDate "2013.12.19"]
[SourceVersion "1"]
[SourceVersionDate "2013.12.19"]
[SourceQuality "1"]

1. c4 e6 2. e4 d5 3. exd5 exd5 4. d4 Nf6 5. Nc3 dxc4 6. Bxc4 Be7 7. Nf3 0-0 8. 0-0 Bg4 9. Be3 Nc6 10. a3 Rb8 11. Rc1 Bxf3 12. gxf3 Qd7 13. Re1 Bd6 14. Bf1 Ne7 15. Ne4 Ned5 16. Ng3 c6 17. Bg2 Rfe8 18. Qd2 Qc7 19. Rcd1 Re7 20. Bg5 Rbe8 21. Rxe7 Rxe7 22. Nf5 Bxh2+ 23. Kh1 Re6 24. f4 Bxf4 25. Bxf4 Qxf4 26. Qc2 Qg4 27. Bxd5 Qh5+ 28. Kg1 Nxd5 29. Ng3 Qf3 30. Rd3 Re1+ 31. Kh2 Qf4 32. Rb3 Qh4+ 33. Kg2 Re7 34. Qf5 g6 35. Qc8+ Kg7 36. Rxb7 Qxd4 37. Qxc6 Nf4+ 38. Kf3 Rxb7 39. Qxb7 Qd5+ 40. Qxd5 Nxd5 41. Ke4 Nb6 42. b3 h5 43. a4 Kf6 44. a5 Nc8 45. b4 Ke6 46. Kd4 h4 47. Ne4 Nd6 48. Ng5+ Kf5 49. Nh3 Ke6 50. f3 f6 51. Kc5 Kd7 52. b5 Kc7 53. b6+ axb6+ 54. axb6+ Kd7 55. Kd5 g5 56. Nf2 Nf5 57. Nh3 g4 58. fxg4 Ne3+ 59. Ke4 Nxg4 1/2-1/2

[Event "Oceania zt"]
[Site "Gold Coast"]
[Date "2009.06.22"]
[Round "6"]
[White "Hernandez, Roberto2222"]
[Black "Hughes, Harry"]
[Result "1-0"]
[WhiteElo "1830"]
[BlackElo "1554"]
[PlyCount "83"]
[EventDate "2009.06.20"]
[EventType "swiss"]
[EventRounds "9"]
[EventCountry "AUS"]
[SourceTitle "CBM 130 Extra"]
[Source "ChessBase"]
[SourceDate "2009.07.02"]
[SourceVersion "2"]
[SourceVersionDate "2009.07.15"]
[SourceQuality "1"]

1. e4 e6 2. d4 d5 3. Nc3 c5 4. Nf3 Nc6 5. Be3 b6 6. dxc5 dxe4 7. Nxe4 f5 8. Nd6+ Bxd6 9. cxd6 Nf6 10. Bb5 Bb7 11. Ne5 Rc8 12. Qd3 a6 13. Nxc6 Bxc6 14. Bxa6 Be4 15. Qb5+ Bc6 16. Qxb6 Qxb6 17. Bxb6 Bxg2 18. Bxc8 Bxh1 19. d7+ Nxd7 20. Bxd7+ Kxd7 21. 0-0-0+ Kc6 22. Bd4 Bf3 23. Rd3 Be4 24. Rc3+ Kd5 25. Bxg7 Ra8 26. a3 f4 27. f3 Bf5 28. b4 Ra7 29. Rc5+ Kd6 30. Be5+ Kd7 31. Kb2 Ke7 32. Bxf4 Kf6 33. h4 h5 34. b5 Rb7 35. c4 Rd7 36. Be5+ Kg6 37. b6 Rd2+ 38. Kb3 Rd3+ 39. Kb4 Rxf3 40. b7 Bc2 41. Bc3 Rf8 42. Rc8 1-0

[Event "Oceania zt"]
[Site "Gold Coast"]
[Date "2009.06.20"]
[Round "2"]
[White "Milligan, Helen"]
[Black "Hughes, Harry"]
[Result "1-0"]
[WhiteElo "1985"]
[BlackElo "1554"]
[PlyCount "47"]
[EventDate "2009.06.20"]
[EventType "swiss"]
[EventRounds "9"]
[EventCountry "AUS"]
[SourceTitle "CBM 130 Extra"]
[Source "ChessBase"]
[SourceDate "2009.07.02"]
[SourceVersion "2"]
[SourceVersionDate "2009.07.15"]
[SourceQuality "1"]

1. e4 c5 2. Nf3 e6 3. d4 cxd4 4. Nxd4 Nf6 5. Bd3 Nc6 6. Be3 d6 7. Nc3 Be7 8. 0-0 Bd7 9. Kh1 a6 10. a4 b6 11. f4 Qb8 12. Qf3 Rg8 13. e5 Nxd4 14. Bxd4 Nd5 15. Nxd5 exd5 16. Qxd5 Qc8 17. exd6 Bc6 18. Qe5 Bxg2+ 19. Kxg2 Qc6+ 20. Be4 Qxd6 21. Qxd6 Bxd6 22. Bxa8 Kd7 23. Bd5 Rf8 24. Bxb6 1-0